MARC

Tag First Indicator Second Indicator Subfields
LEADER 00000cam a2200000Ia 4500
001 in00002379639
005 20210803091500.0
006 m d
007 cr cn|||||||||
008 080103s2007 maua sb 110 0 eng d
020 |a 0817645454 
020 |a 9780817645458 
035 |a (OCoLC)187162364 
035 |a (OCoLC)ocn187162364 
037 |a 978-0-8176-4544-1  |b Springer  |n http://www.springerlink.com 
040 |a GW5XE  |c GW5XE  |d GW5XE  |d UtOrBLW 
049 |a TEFA 
050 1 4 |a HG106  |b .A383 2007eb 
072 7 |a HG  |2 lcco 
082 0 4 |a 332.015118  |2 22 
245 0 0 |a Advances in mathematical finance /  |c Michael C. Fu [and others], editors. 
264 1 |a Boston :  |b Birkhäuser,  |c [2007] 
264 4 |c ©2007 
300 |a xxviii, 334 pages :  |b illustrations ;  |c 25 cm. 
336 |a text  |b txt  |2 rdacontent 
337 |a computer  |b c  |2 rdamedia 
338 |a online resource  |b cr  |2 rdacarrier 
490 1 |a Applied and numerical harmonic analysis 
500 |a "The 'Mathematical Finance Conference in Honor of the 60th Birthday of Dilip B. Madan' was held at the Norbert Wiener Center of the University of Maryland, College Park, from September 29-October 1, 2006, and this volume is a Festschrift in honor of Dilip that includes articles from most of the conference's speakers"--Pref. 
500 |a Electronic resource. 
504 |a Includes bibliographical references. 
505 0 |a ANHA series preface -- Preface -- Career highlights and list of publications / Dilip B. Madan -- PART I. VARIANCE-GAMMA AND RELATED STOCHASTIC PROCESSES. The early years of the variance-gamma process -- Variance-gamma and Monte Carlo -- Some remarkable properties of gamma processes -- A note about Selberg's integrals in relation with the beta-gamma algebra -- itô formulas for fractional Brownian motion -- PART II. ASSET AND OPTION PRICING. A tutorial on zero volatility and option adjusted spreads -- Asset price bubbles in complete markets -- Taxation and transaction costs in a general equilibrium asset economy -- Calibration of Lévy term structure models -- Pricing of swaptions in affine term structures with stochastic volatility -- Forward evolution equations for knock-out options -- Mean reversion versus random walk in oil and natural gas prices -- PART III. CREDIT RISK AND INVESTMENTS. Beyond hazard rates: a new framework for credit-risk modelling -- A generic one-factor Lévy model for pricing synthetic CDOs -- Utility valuation of credit derivatives: single and two-name cases -- Investment and valuation under backward and forward dynamic exponential utilities in a stochastic factor model. 
533 |a Electronic reproduction.  |b New York :  |c Springer,  |d 2007.  |n Mode of access: World Wide Web.  |n System requirements: Web browser.  |n Title from title screen (viewed on Dec. 13, 2007).  |n Access may be restricted to users at subscribing institutions. 
650 0 |a Derivative securities  |x Prices  |x Mathematical models  |v Congresses. 
650 0 |a Finance  |x Mathematical models  |v Congresses.  |0 http://id.loc.gov/authorities/subjects/sh2008120501 
650 0 |a Investments  |x Mathematics  |v Congresses. 
650 0 |a Lévy processes  |v Congresses. 
650 0 |a Options (Finance)  |x Mathematical models  |v Congresses. 
650 0 |a Stochastic processes  |v Congresses.  |0 http://id.loc.gov/authorities/subjects/sh2008112218 
655 7 |a Electronic books.  |2 local 
700 1 |a Fu, Michael,  |d 1962-  |0 http://id.loc.gov/authorities/names/n96122988 
700 1 |a Madan, Dilip B.  |0 http://id.loc.gov/authorities/names/nr97010390 
710 2 |a SpringerLink (Online service)  |0 http://id.loc.gov/authorities/names/no2005046756 
711 2 |a Mathematical Finance Conference in Honor of the 60th Birthday of Dilip B. Madan  |d (2006 :  |c University of Maryland, College Park)  |0 http://id.loc.gov/authorities/names/no2007106968 
776 1 |c Original  |z 9780817645441  |z 0817645446  |w (DLC) 2007924837  |w (OCoLC)123434654 
830 0 |a Applied and numerical harmonic analysis.  |0 http://id.loc.gov/authorities/names/n96092412 
856 4 0 |u http://proxy.library.tamu.edu/login?url=https://dx.doi.org/10.1007/978-0-8176-4545-8  |z Connect to the full text of this electronic book  |t 0 
994 |a C0  |b TEF 
999 |a MARS 
999 f f |s 8767f067-5bd7-3c0e-88dc-eec1124dc22d  |i 9686a5c6-24e5-3734-80ed-a8f87b3ec9e6  |t 0 
952 f f |a Texas A&M University  |b College Station  |c Electronic Resources  |d Available Online  |t 0  |e HG106 .A383 2007eb  |h Library of Congress classification 
998 f f |a HG106 .A383 2007eb  |t 0  |l Available Online